Quiz über die Stadt Marburg - Statistiken

Allgemein
  • Dieses Quiz wurde 62 mal gespielt
  • Das Durchschnittsergebnis liegt bei 8 aus 14
Antwortstatistiken
Hint Antwort % Korrekt
Hauptfluss Lahn
98%
Marburg ist die Kreisstadt welches hessischen Landkreises? Marburg-Biedenkopf
90%
Nachbargemeinde, die namensgleich mit einer thüringischen Stadt (Goethe/Schiller, ... Republik) ist Weimar
82%
Der sogenannte Hessenkrieg 1645-1648 drehte sich hauptsächlich um Marburg; am Ende wurde Marburg welcher Landgrafschaft zugesprochen? (benannt nach einer nordhessischen Stadt) Hessen-Kassel
76%
Landgraf, der in Marburg die erste hessische Universität gründete, die auch nach ihm benannt ist Philipp I. | Philipp der Großmütige
74%
Für ihre Wohltätigkeit berühmte katholische Heilige, die ursprünglich aus Ungarn stammte, dann Thüringer Landgräfin wurde und 1228 bis zu ihrem Tod 1231 in Marburg residierte Elisabeth von Thüringen
66%
Regierungsbezirk Gießen
60%
1529 fand das sogenannte Marburger Religionsgespräch auf dem Landgrafenschloss statt. Wer war neben Huldrych Zwingli der bekannteste Teilnehmer? Martin Luther
60%
Zweitgrößte Stadt Sloweniens, die früher auch Marburg (an der Drau) genannt wurde Maribor
54%
Die Überreste dieses Generalfeldmarschalls und Reichspräsidenten liegen in Marburg Paul von Hindenburg
48%
Der Hessenkrieg war Teil welches größeren Konfliktes? Dreißigjähriger Krieg
40%
Die Tochter obiger Person, Sophie (die "Stammmutter des Hauses Hessen"), war mit dem Herzog dieser niederländisch-flämischen Region verheiratet, woraus sich ihr Beiname (von...) ableitet. Außerdem führte von dort im Mittelalter eine Straße über Marburg bis nach Leipzig. Brabant
22%
Oft tödlich verlaufende Infektionskrankheit, die 1967 in Marburg identifiziert wurde Marburgfieber
10%
In Marburg ist diese Schule, die wohl bedeutendste für ihren Berufszweig (gehobener und höherer Dienst, hat mit Geschichte und Verwaltung zu tun) angesiedelt {Archiv}schule Marburg
8%
Keine übereinstimmenden Quizze gefunden
Verteilung der Resultate
Anzahl Personen mit jedem Resultat
Perzentil nach korrekt beantworteten Fragen
Ihre Resultats-Entwicklung
Sie haben dieses Quiz noch nicht gespielt